<?xml version="1.0" encoding="UTF-8"?>
<collection xmlns="http://www.loc.gov/MARC21/slim">
 <record>
  <leader>02354nam a22002897a 4500</leader>
  <controlfield tag="001">NCT_42637</controlfield>
  <controlfield tag="008">180616b        xxu||||| |||| 00| 0 vie d</controlfield>
  <datafield tag="999" ind1=" " ind2=" ">
   <subfield code="c">2044</subfield>
   <subfield code="d">2044</subfield>
  </datafield>
  <datafield tag="020" ind1=" " ind2=" ">
   <subfield code="a">9786049084300</subfield>
   <subfield code="c">59000</subfield>
  </datafield>
  <datafield tag="082" ind1="0" ind2="4">
   <subfield code="2">23rd ed.</subfield>
   <subfield code="a">081</subfield>
   <subfield code="b">E35</subfield>
  </datafield>
  <datafield tag="100" ind1="1" ind2=" ">
   <subfield code="a">Einstein, Albert</subfield>
  </datafield>
  <datafield tag="245" ind1="1" ind2="0">
   <subfield code="a">Thế giới như tôi thấy</subfield>
   <subfield code="c">Albert Einstein ; Đinh Bá Anh, Nguyễn Vũ Hảo, Trần Tiễn Cao Đăng (dịch)</subfield>
  </datafield>
  <datafield tag="250" ind1=" " ind2=" ">
   <subfield code="a">Tái bản lần thứ mười</subfield>
  </datafield>
  <datafield tag="260" ind1=" " ind2=" ">
   <subfield code="a">H.</subfield>
   <subfield code="b">Nhà xuất bản Tri thức</subfield>
   <subfield code="c">2017</subfield>
  </datafield>
  <datafield tag="300" ind1=" " ind2=" ">
   <subfield code="a">227 tr.</subfield>
   <subfield code="c">20cm</subfield>
  </datafield>
  <datafield tag="520" ind1="3" ind2=" ">
   <subfield code="a">Thế giới như tôi thấy tập hợp những bài viết, bài nói chuyện, thư từ và tiểu luận khoa học của A. Einstein. Cuốn sách này được xuất bản lần đầu tiên năm 1931 ở Đức. Năm 1955, sách được tái bản ở Mĩ, có bổ sung thêm nhiều bài viết mới. Từ đó tới nay, Thế giới như tôi thấy đã được dịch ra nhiều thứ tiếng và trở thành một trong những cuốn sách kinh điển để người đọc qua đó có thể tìm hiểu về con người và cội nguồn tư tưởng của nhà khoa học. </subfield>
  </datafield>
  <datafield tag="653" ind1=" " ind2=" ">
   <subfield code="a">Quan hệ công chúng</subfield>
  </datafield>
  <datafield tag="700" ind1="1" ind2=" ">
   <subfield code="a">Đinh Bá Anh</subfield>
   <subfield code="e">Biên dịch</subfield>
  </datafield>
  <datafield tag="700" ind1="1" ind2=" ">
   <subfield code="a">Nguyễn Vũ Hảo</subfield>
   <subfield code="e">Biên dịch</subfield>
  </datafield>
  <datafield tag="700" ind1="1" ind2=" ">
   <subfield code="a">Trần Tiễn Cao Đăng</subfield>
   <subfield code="e">Biên dịch</subfield>
  </datafield>
  <datafield tag="942" ind1=" " ind2=" ">
   <subfield code="2">ddc</subfield>
   <subfield code="c">BK</subfield>
  </datafield>
  <datafield tag="952" ind1=" " ind2=" ">
   <subfield code="0">0</subfield>
   <subfield code="1">0</subfield>
   <subfield code="2">ddc</subfield>
   <subfield code="4">0</subfield>
   <subfield code="6">081_000000000000000_E35</subfield>
   <subfield code="7">0</subfield>
   <subfield code="9">10975</subfield>
   <subfield code="a">000001</subfield>
   <subfield code="b">000001</subfield>
   <subfield code="d">2018-06-16</subfield>
   <subfield code="l">3</subfield>
   <subfield code="o">081 E35</subfield>
   <subfield code="p">MD.09331</subfield>
   <subfield code="r">2020-05-15</subfield>
   <subfield code="s">2020-05-07</subfield>
   <subfield code="v">59000.00</subfield>
   <subfield code="w">2018-06-16</subfield>
   <subfield code="y">BK</subfield>
  </datafield>
  <datafield tag="952" ind1=" " ind2=" ">
   <subfield code="0">0</subfield>
   <subfield code="1">0</subfield>
   <subfield code="2">ddc</subfield>
   <subfield code="4">0</subfield>
   <subfield code="6">081_000000000000000_E35</subfield>
   <subfield code="7">0</subfield>
   <subfield code="9">10976</subfield>
   <subfield code="a">000001</subfield>
   <subfield code="b">000001</subfield>
   <subfield code="d">2018-06-16</subfield>
   <subfield code="l">1</subfield>
   <subfield code="o">081 E35</subfield>
   <subfield code="p">MD.09332</subfield>
   <subfield code="r">2020-10-02</subfield>
   <subfield code="s">2020-09-18</subfield>
   <subfield code="v">59000.00</subfield>
   <subfield code="w">2018-06-16</subfield>
   <subfield code="y">BK</subfield>
  </datafield>
  <datafield tag="952" ind1=" " ind2=" ">
   <subfield code="0">0</subfield>
   <subfield code="1">0</subfield>
   <subfield code="2">ddc</subfield>
   <subfield code="4">0</subfield>
   <subfield code="6">081_000000000000000_E35</subfield>
   <subfield code="7">0</subfield>
   <subfield code="9">10977</subfield>
   <subfield code="a">000001</subfield>
   <subfield code="b">000001</subfield>
   <subfield code="d">2018-06-16</subfield>
   <subfield code="o">081 E35</subfield>
   <subfield code="p">MD.09333</subfield>
   <subfield code="r">2018-06-16</subfield>
   <subfield code="v">59000.00</subfield>
   <subfield code="w">2018-06-16</subfield>
   <subfield code="y">BK</subfield>
  </datafield>
  <datafield tag="952" ind1=" " ind2=" ">
   <subfield code="0">0</subfield>
   <subfield code="1">0</subfield>
   <subfield code="2">ddc</subfield>
   <subfield code="4">0</subfield>
   <subfield code="6">081_000000000000000_E35</subfield>
   <subfield code="7">0</subfield>
   <subfield code="9">10978</subfield>
   <subfield code="a">000001</subfield>
   <subfield code="b">000001</subfield>
   <subfield code="d">2018-06-16</subfield>
   <subfield code="o">081 E35</subfield>
   <subfield code="p">MD.09334</subfield>
   <subfield code="r">2018-06-16</subfield>
   <subfield code="v">59000.00</subfield>
   <subfield code="w">2018-06-16</subfield>
   <subfield code="y">BK</subfield>
  </datafield>
  <datafield tag="952" ind1=" " ind2=" ">
   <subfield code="0">0</subfield>
   <subfield code="1">0</subfield>
   <subfield code="2">ddc</subfield>
   <subfield code="4">0</subfield>
   <subfield code="6">081_000000000000000_E35</subfield>
   <subfield code="7">0</subfield>
   <subfield code="9">10979</subfield>
   <subfield code="a">000001</subfield>
   <subfield code="b">000001</subfield>
   <subfield code="d">2018-06-16</subfield>
   <subfield code="o">081 E35</subfield>
   <subfield code="p">MD.09335</subfield>
   <subfield code="r">2018-06-16</subfield>
   <subfield code="v">59000.00</subfield>
   <subfield code="w">2018-06-16</subfield>
   <subfield code="y">BK</subfield>
  </datafield>
  <datafield tag="980" ind1=" " ind2=" ">
   <subfield code="a">Thư viện Trường Đại học Nam Cần Thơ</subfield>
  </datafield>
 </record>
</collection>
